Kamadhenu: A compilation of lessons of 40 days course in Sanskrit (Record no. 30197)

MARC details
000 -LEADER
fixed length control field 00318nam a2200109Ia 4500
082 ## - DEWEY DECIMAL CLASSIFICATION NUMBER
Classification number 809.12
Item number BHA
100 ## - MAIN ENTRY--AUTHOR NAME
Personal name Bhharata Pisharodi, E P
245 #0 - TITLE STATEMENT
Title Kamadhenu: A compilation of lessons of 40 days course in Sanskrit
260 ## - PUBLICATION, DISTRIBUTION, ETC. (IMPRINT)
Place of publication Trichur
Name of publisher Kamadhenu
Year of publication 1978
942 ## - ADDED ENTRY ELEMENTS (KOHA)
Koha item type Books
Holdings
Withdrawn status Lost status Damaged status Not for loan Home library Current library Date acquired Cost, normal purchase price Full call number Accession Number Koha item type
        RRII Library RRII Library 16/12/2021 28.00 809.12 BHA 10773 Books